Sociálne byty: Nájomníci dlhujú vyše 200 miliónov unimobunky zdevastovali, mesto ich zbúra

Bibliographic Details
Main Author: Podhorská, Kveta (Author)
Format: Article
Language:Slovak
PhysicalDescription:Fotogr.
ISSN:1335-4566
Subjects:

MARC

LEADER 00000nab a2200000 a 4500
001 vtls009345272
003 SK-MaSNL
005 20260303044559.0
008 171108c20080805xo drz 0 0slo
038 |a KEVKJB 
040 |a KEVKJB  |b slo  |c KEVKJB  |e AACR2 
041 0 |a slo 
044 |a xo  |c SK 
080 |a 351.778.53  |2 2001 
100 1 |a Podhorská, Kveta  |4 aut  |9 872973 
245 1 0 |a Sociálne byty: Nájomníci dlhujú vyše 200 miliónov  |b unimobunky zdevastovali, mesto ich zbúra  |c Kveta Podhorská 
300 |b Fotogr. 
610 2 7 |a Bytový podnik mesta Košice  |2 kevkjb  |9 878221 
651 7 |a sociálne byty  |z Košice (Slovensko)  |2 kevkjb  |9 1033831 
651 7 |a Košice (Slovensko)  |2 kevkjb  |9 18694 
651 7 |a Luník IX (Košice II, Slovensko)  |2 kevkjb  |9 29376 
773 0 |t Košický Korzár  |g Roč. XI, č. 181 (5.8.2008), s. 3  |x 1335-4566 
852 |a KEVKJB  |b KIS3GCP 
958 |a RQ 
999 |c 1700859  |d 1702789